LEADER 01261nam0-2200433---450- 001 990007103680403321 005 20130718104330.0 010 $a88-14-09445-4 035 $a000710368 035 $aFED01000710368 035 $a(Aleph)000710368FED01 035 $a000710368 100 $a20111228d2002----km-y0itay50------ba 101 0 $amul 102 $aIT 105 $aa-------101yy 200 1 $aCodici$euna riflessione di fine millennio$eatti dell'incontro di studio, Firenze, 26-28 ottobre 2000$fa cura di Paolo Cappellini e Bernardo Sordi 210 $aMilano$cGiuffrè$d2002 215 $aVIII, 604 p.$cill.$d23 cm 225 1 $aPer la storia del pensiero giuridico moderno$v61 676 $a340.1$v20$zit 676 $a340.09$v21$zita 702 1$aCappellini,$bPaolo 702 1$aSordi,$bBernardo 801 0$aIT$bUNINA$gRICA$2UNIMARC 901 $aBK 912 $a990007103680403321 952 $aSE122.02.10$b7732$fDECSE 952 $aCongr. 1222$b6997 ddr$fDDR 952 $aCN 17(61)$fDDCIC 952 $aSDI-T 86 LXIbis$b10212 ddr$fSDI$m21-12399 952 $a21-M-61$b14691$fDDCP 959 $aDDR 959 $aDDCIC 959 $aSDI 959 $aDDCP 959 $aDECSE 996 $aCodici$970045 997 $aUNINA